Datum a čas kvízu
26.5
Celkem bodů
Celkový počet nahraných bodů na tomto kvízu bez doplňovacích otázek.
8.
Pořadí na kvízu
Konečné umístění týmu na tomto kvízu.
Zaznamenané odpovědi
| # | Otázka | Odpověď | Body | Výsledky |
|---|---|---|---|---|
| 1. | V noci na pátek se v pražské z... | gorila | 1 | |
| 2. | Na českém internetu se objevil... | vrtulník | 0 | |
| 3. | Pořadatelé filmového festivalu... | George Lucas | 0 | |
| 4. | Patříte-li mezi zákazníky inte... | fialová | 1 | |
| 5. | Tým Boston Celtics se minulý t... | C | 0 | |
| 6. | V pěti otázkách tohoto tématu... | fyziologický roztok | 1 | |
| 7. | Jaká je denní dávka kuchyňské... | B | 0 | |
| 8. | Jak se nazývá původem japonská... | C) gomasio | 1 | |
| 9. | Jak zní obchodní název takzvan... | Praganda | 1 | |
| 10. | Chcete-li si užít blahodárného... | D) Bad Ischl | 0 |